Leading brands of Spain.
| Format: | Book |
|---|---|
| Published: |
Madrid:
Brands of Spain Forum,
2003.
|
| Subjects: |
| LEADER | 00446cam a2200157 7i4500 | ||
|---|---|---|---|
| 001 | 0000019191 | ||
| 005 | 20070427090000.0 | ||
| 020 | 0 | 0 | |a 84-607-7104-0 |
| 090 | 0 | 0 | |a SPAN 658.827 |b LEA |
| 245 | 0 | 0 | |a Leading brands of Spain. |
| 260 | 0 | 0 | |a Madrid: |b Brands of Spain Forum, |c 2003. |
| 300 | # | # | |a 177 p. |
| 650 | 0 | 0 | |a Branding -- |z Spain |
| 650 | 0 | 0 | |a Brand name products -- |z Spain |
| 651 | 0 | 0 | |a Spain |
| 999 | |a 0000019770 |b Book |c Countries |e Business Information Centre | ||


